Statistics for Top 20 Words Ending in LL

Click here to take the quiz!

General Stats

  • This quiz has been taken 911 times
  • The average score is 13 of 20

Answer Stats

ranklettersword% Correct
64call
89%
184ball
88%
94fall
86%
23all
81%
144hall
81%
114wall
81%
14will
80%
44tell
77%
134bill
76%
34well
76%
124sell
74%
204hill
70%
154kill
68%
164pull
55%
84full
54%
75still
53%
174cell
50%
105shall
44%
55small
30%
195skill
19%

Score Distribution

Percentile by Number Answered

Percent of People with Each Score

Your Score History

You have not taken this quiz